Soupis účastníků systému mezinárodního standardního číslování knih - ISBN - v České republice s dodatkem Soupis účastníků systému Mezinárodního standardního číslování hudebnin - ISMN - v České republice : Stav k 31.12.2003

Salvato in:
Dettagli Bibliografici
Natura: Libro
Lingua:ceco
Pubblicazione: Praha : Národní knihovna ČR, 2004
Soggetti:
Tags: Aggiungi Tag
Nessun Tag, puoi essere il primo ad aggiungerne!!

MARC

LEADER 00000nam a22000003a 4500
001 stu91239
005 20150408175156.5
008 041026s2004----xr------------------cze-d
020 |a 80-7050-385-8 
040 |a STU  |b slo 
041 0 |a cze 
044 |a xr 
080 |a 655.41 
080 |a 002 
245 |a Soupis účastníků systému mezinárodního standardního číslování knih - ISBN - v České republice s dodatkem Soupis účastníků systému Mezinárodního standardního číslování hudebnin - ISMN - v České republice :  |b Stav k 31.12.2003 
260 |a Praha :  |b Národní knihovna ČR,  |c 2004 
300 |a 418 s 
650 7 |a ISBN  |2 stusub 
650 7 |a medzinárodné štandardné číslovanie kníh  |2 stusub 
996 |b 284M060882  |c M*11492-1  |l MMKN  |s A  |a 24  |w stu91239_0001